Protecting civilians from the effects of explosive weapons: an analysis of international legal and policy standards (Record no. 55177)

MARC details
000 -LEADER
fixed length control field 00797nam a2200169 a 4500
008 - FIXED-LENGTH DATA ELEMENTS--GENERAL INFORMATION
fixed length control field 130416s2012 ||||||||||||||||| || u
050 ## - LIBRARY OF CONGRESS CALL NUMBER
Classification number UNIDIR(02)
100 ## - MAIN ENTRY--PERSONAL NAME
Personal name Brehm, Maya
245 10 - TITLE STATEMENT
Title Protecting civilians from the effects of explosive weapons: an analysis of international legal and policy standards
Statement of responsibility, etc. by Maya Brehm
260 ## - PUBLICATION, DISTRIBUTION, ETC.
Place of publication, distribution, etc. Geneva:
Name of publisher, distributor, etc. United Nations Institute for Disarmament Research [UNIDIR]
Date of publication, distribution, etc. 2012
300 ## - PHYSICAL DESCRIPTION
Extent xiii, 169p.: ill.
500 ## - GENERAL NOTE
General note Bibliography
650 ## - SUBJECT ADDED ENTRY--TOPICAL TERM
Topical term or geographic name entry element INTERNATIONAL POLICY ISSUES ON EXPLOSIVE WEAPONS
650 ## - SUBJECT ADDED ENTRY--TOPICAL TERM
Topical term or geographic name entry element EXPLOSIVE WEAPONS--EFFECTS OF
710 ## - ADDED ENTRY--CORPORATE NAME
Corporate name or jurisdiction name as entry element United Nations Institute for Disarmament Research (UNIDIR)
995 ## - RECOMMENDATION 995 [LOCAL, UNIMARC FRANCE]
-- CBU-MAIN LIBRARY (Kitwe)
-- 1
-- AVAILABLE
-- Apr 18, 2013
-- International Publications
Holdings
Withdrawn status Lost status Source of classification or shelving scheme Damaged status Not for loan Home library Current library Shelving location Date acquired Total Checkouts Full call number Barcode Date last seen Price effective from Koha item type
          CBU-MAIN LIBRARY, KITWE. CBU-MAIN LIBRARY, KITWE.   11/30/2022   UNIDIR(02) B676 11/30/2022 11/30/2022 MONOGRAPH